000 00420nam a22001457a 4500
005 20250915104142.0
008 250915b |||||||| |||| 00| 0 eng d
020 _a9988011483
050 _aBT130
_bLAR
100 _aLARYEA EVANS A.
245 _aBEHOLD OUR GOD;
_bCATCHING A GLIMPSE OF THE INFINITE HIS NATURE, ESSENCE AND ATTRIBUTES
260 _aACCRA
_bPAL INTERNATIONAL
_cc2008
300 _a158p
942 _2lcc
_cBK
_n0
999 _c7546
_d7546